Normal view
MARC view
- Doucet , Arnaud
Entry Personal Name
001 - CONTROL NUMBER
- control field: 123925
003 - CONTROL NUMBER IDENTIFIER
- control field: NUST
005 - DATE AND TIME OF LATEST TRANSACTION
- control field: 20240701142212.0
008 - FIXED-LENGTH DATA ELEMENTS
- fixed length control field: 240701|| aca||aabn | a|a d
040 ## - CATALOGING SOURCE
- Original cataloging agency: NUST
- Transcribing agency: NUST
100 ## - HEADING--PERSONAL NAME
- Personal name: Doucet , Arnaud
670 ## - SOURCE DATA FOUND
- Source citation: Work cat.: (NUST): Doucet , Arnaud , Statistics for Engineering and Information Science:, 2001
